Los derechos de la naturaleza y su repercusión en la defensa de katsa su del pueblo awá en Nariño (Colombia) (Registro nro. 324985)
[ vista simple ]
| 000 -ENCABEZADO | |
|---|---|
| Número de control [NR] | 00993nam a22002417a 4500 |
| 005 - FECHA Y HORA DE LA ÚLTIMA TRANSACCIÓN | |
| control field | 20241106080033.0 |
| 008 - DE LONGITUD FIJA DE DATOS DE ELEMENTOS - INFORMACIÓN GENERAL | |
| Elementos de longitud fija [NR] | 241106t ||||| |||| 00| 0 spa d |
| 020 ## - NUMERO INTERNACIONAL NORMALIZADO PARA LIBROS [R] | |
| Número Internacional Normalizado del libro [NR] | 9789585004122 (impreso) |
| 020 ## - NUMERO INTERNACIONAL NORMALIZADO PARA LIBROS [R] | |
| Número Internacional Normalizado del libro [NR] | 9789585004146 (epub) |
| 040 ## - FUENTE DE CATALOGACION [NR] | |
| Agencia de catalogación original [NR] | CO-BoUCM |
| Quien Cataloga | David Moreno |
| Quien Clasifica | David Moreno |
| 041 ## - CODIGO DE IDIOMA [R] | |
| Código de idioma para texto/pista de sonido o título separado [R] | Español |
| 100 ## - ASIENTO PRINCIPAL--NOMBRE PERSONAL [NR] | |
| Nombre personal [NR] | Sánchez Jaramillo, Johana Fernanda |
| ID Autoridad | 175822 |
| 245 10 - MENCION DE TITULO [NR] | |
| Título [NR] | Los derechos de la naturaleza y su repercusión en la defensa de katsa su del pueblo awá en Nariño (Colombia) |
| Mención de responsabilidad, etc. [NR] | Johana Fernanda Sánchez Jaramillo |
| 250 ## - MENCION DE EDICION [NR] | |
| Mención de edición [NR] | 1a. Ed |
| 260 ## - PUBLICACION, DISTRIBUCION, ETC. (PIE DE IMPRENTA) [R] | |
| Lugar de publicación, distribución, etc. [R] | Bogotá, Colombia |
| Nombre del editor, distribuidor, etc. [R] | Editorial Universidad del Rosario |
| Fecha de publicación, distribución, etc. [R] | 2024 |
| 300 ## - DESCRIPCION FISICA [R] | |
| Extensión [R] | 366 Paginas |
| Otros detalles físicos [NR] | ilustraciones |
| 650 14 - ASIENTO SECUNDARIO DE MATERIA - TERMINO TEMATICO [R] | |
| Término temático o nombre geográfico como elemento de entrada [NR] | Justicia ecologica |
| Subdivisión general [R] | Sostenibilidad |
| 9 (RLIN) | 183672 |
| 650 14 - ASIENTO SECUNDARIO DE MATERIA - TERMINO TEMATICO [R] | |
| Término temático o nombre geográfico como elemento de entrada [NR] | Derecho ambiental |
| Subdivisión general [R] | Pueblo awá |
| 9 (RLIN) | 183673 |
| 650 14 - ASIENTO SECUNDARIO DE MATERIA - TERMINO TEMATICO [R] | |
| Término temático o nombre geográfico como elemento de entrada [NR] | Nariño (Colombia) |
| Subdivisión general [R] | Interculturalidad |
| 9 (RLIN) | 183674 |
| 710 ## - ASIENTO SECUNDARIO - NOMBRE CORPORATIVO [R] | |
| Nombre corporativo o de jurisdicción como elemento de entrada [NR] | Universidad del Rosario |
| 9 (RLIN) | 28209 |
| 942 ## - ELEMENTOS DE ENTRADA AGREGADOS (KOHA) | |
| Sistema de clasificación | DEWEY |
| Tema principal | Derecho |
| Tipo de ítem principal el descrito en 300a | Libro |
| Edición | 1 |
| Clasificación | 344.046 |
| Parte restante de la signatura top. | S194d |
| Título oculto en OPAC | No |
| Signatura topográfica | Código de barras | Última vez visto | Ejemplar | Price effective from | Tipo de ítem | Perdido | Sistema de clasificación | Dañado | No prestable | Tipo de ítem específico | Suprimido | Ubicación habitual | Ubicación actual | Localización | Fecha de creación | Forma de adquisición | Costo | Fecha de último préstamo | Total préstamos |
|---|---|---|---|---|---|---|---|---|---|---|---|---|---|---|---|---|---|---|---|
| 344.046 S194d | 100173382 | 03/12/2025 | Ej.1 | 06/11/2024 | Edición Rosarista | DEWEY | Libro Edición Rosarista | Claustro | Claustro | 4to piso | 06/11/2024 | Compra | 41600.00 | ||||||
| 344.046 S194d | 100173383 | 05/12/2025 | Ej.2 | 06/11/2024 | Libro | DEWEY | Libro | Claustro | Claustro | 3er piso | 06/11/2024 | Compra | 41600.00 | 28/02/2025 | 1 | ||||
| 344.046 S194d | 100173384 | 05/12/2025 | Ej.3 | 06/11/2024 | Libro | DEWEY | Libro | Claustro | Claustro | 3er piso | 06/11/2024 | Compra | 41600.00 |